| 000 | 00542nam a2200229Ia 4500 | ||
|---|---|---|---|
| 003 | OSt | ||
| 005 | 20250529125421.0 | ||
| 008 | 210210b1963 xxu||||| |||| 00| 0 eng d | ||
| 040 | _cAL | ||
| 041 | _aeng | ||
| 082 | _a829/311 | ||
| 100 |
_aDICKENS _9211672 |
||
| 245 | _aSix short stories | ||
| 260 |
_aLondon _bMacmillan & Co. Ltd. _c1963 |
||
| 650 |
_astories _9211673 |
||
| 650 |
_aSix _9211674 |
||
| 650 |
_ashort _9211675 |
||
| 690 |
_aEnglish Fiction _9211676 |
||
| 700 |
_aOthers _9211677 |
||
| 906 | _a016916 | ||
| 942 |
_2ddc _cBK |
||
| 999 |
_c136832 _d136832 |
||